[Event "ROM-ch (Women)"]
[Site "Eforie Nord"]
[Date "2024.02.26"]
[Round "3"]
[White "Sava, Ana Maria"]
[Black "Bira, Andrada Paraschiva"]
[Result "1-0"]
[WhiteElo "1916"]
[BlackElo "1590"]
[PlyCount "69"]
[EventDate "2024.02.24"]
[EventType "swiss"]
[EventRounds "9"]
[EventCountry "ROU"]
[SourceTitle "CB10_2024"]
[SourceDate "2024.03.06"]
[SourceVersion "1"]
[SourceVersionDate "2024.03.06"]
[SourceQuality "1"]

1. e4 c5 2. Nf3 Nc6 3. b3 e6 4. Bb2 d6 5. e5 d5 6. d4 cxd4 7. Nxd4 a6 8. Be2 Nge7 9. 0-0 Qc7 10. f4 Nxd4 11. Bxd4 Nf5 12. Bf2 Bc5 13. Qd2 Bxf2+ 14. Rxf2 Qc5 15. Bd3 Ne7 16. Nc3 Bd7 17. a4 Rc8 18. Ne2 Nc6 19. Rd1 Nb4 20. c4 Nxd3 21. Qxd3 Bc6 22. cxd5 Qxd5 23. Nd4 0-0 24. Qg3 Rfd8 25. Rfd2 Qc5 26. Kh1 g6 27. h4 Qf8 28. Qg5 Rd5 29. f5 exf5 30. Nxf5 Rxd2 31. Rxd2 Re8 32. h5 Rxe5 33. Nh6+ Qxh6 34. Rd8+ Be8 35. Qxe5 1-0

[Event "ROM-ch U16 Girls"]
[Site "Eforie Nord"]
[Date "2022.04.12"]
[Round "3"]
[White "Bira, Andrada Paraschiva"]
[Black "Spiridon, Anisia"]
[Result "1/2-1/2"]
[WhiteElo "1795"]
[BlackElo "1548"]
[PlyCount "41"]
[EventDate "2022.04.11"]
[EventType "swiss"]
[EventRounds "9"]
[EventCountry "ROU"]
[SourceTitle "EXT 2023"]
[Source "ChessBase"]
[SourceDate "2022.10.05"]
[SourceVersion "1"]
[SourceVersionDate "2022.10.05"]
[SourceQuality "1"]

1. c4 Nf6 2. Nc3 b6 3. Nf3 Bb7 4. e3 c5 5. Be2 e6 6. 0-0 Be7 7. d4 cxd4 8. Nxd4 a6 9. b3 0-0 10. Bb2 d6 11. Bf3 Qc7 12. Bxb7 Qxb7 13. Rc1 Nbd7 14. Qe2 Rac8 15. Rfd1 Rfd8 16. f3 Nc5 17. Nc2 Rb8 18. Nd4 Rbc8 19. Nc2 Rb8 20. Nd4 Rbc8 21. b4 1/2-1/2

[Event "Satu Mare Szabo Memorial"]
[Site "Satu Mare"]
[Date "2021.08.13"]
[Round "8"]
[White "Bira, Andrada Paraschiva"]
[Black "Szegedy, Matyas"]
[Result "1/2-1/2"]
[WhiteElo "1678"]
[BlackElo "1959"]
[PlyCount "93"]
[EventDate "2021.08.08"]
[EventType "swiss"]
[EventRounds "9"]
[EventCountry "ROU"]
[SourceTitle "CBM 203 Extra"]
[Source "ChessBase"]
[SourceDate "2021.09.30"]
[SourceVersion "1"]
[SourceVersionDate "2021.09.30"]
[SourceQuality "1"]

1. Nf3 Nf6 2. c4 g6 3. g3 b6 4. Bg2 Bb7 5. Nc3 Bg7 6. d4 0-0 7. 0-0 Ne4 8. Qc2 Nxc3 9. Qxc3 c5 10. e3 d6 11. b3 Nd7 12. Bb2 Qc7 13. Qd2 Nf6 14. Rfd1 Be4 15. Rac1 Rfc8 16. Qe2 Qb7 17. Ne1 Bxg2 18. Nxg2 a6 19. Ne1 b5 20. Rc2 b4 21. Rcc1 a5 22. d5 a4 23. Bxf6 Bxf6 24. Rb1 axb3 25. axb3 Ra3 26. Nd3 Rca8 27. Kg2 Bc3 28. Rdc1 e6 29. e4 Re8 30. dxe6 Rxe6 31. f3 Bd4 32. Nf4 Re5 33. Qd3 f5 34. Nd5 fxe4 35. fxe4 Kg7 36. Rc2 Ra8 37. Rf1 Rae8 38. Re2 Qc8 39. Rf4 Rh5 40. h4 Rhe5 41. Qf3 Rf8 42. Ra2 Ree8 43. Ra7+ Kh8 44. Rff7 Bg7 45. Qf4 Qe6 46. Rae7 Rxf7 47. Rxe6 1/2-1/2

[Event "ROM-ch U16 Girls"]
[Site "Mamaia"]
[Date "2021.04.09"]
[Round "4"]
[White "Popa, Andra Maria"]
[Black "Bira, Andrada Paraschiva"]
[Result "1/2-1/2"]
[WhiteElo "1562"]
[BlackElo "1705"]
[PlyCount "166"]
[EventDate "2021.04.07"]
[EventType "swiss"]
[EventRounds "9"]
[EventCountry "ROU"]
[SourceTitle "EXT 2022"]
[Source "ChessBase"]
[SourceDate "2021.10.06"]
[SourceVersion "1"]
[SourceVersionDate "2021.10.06"]
[SourceQuality "1"]

1. d4 Nf6 2. Bf4 d5 3. Nf3 c5 4. e3 Nc6 5. Nbd2 Qb6 6. dxc5 Qxb2 7. Nb3 e5 8. Bg3 Bf5 9. Rc1 a6 10. Be2 Be7 11. 0-0 0-0 12. Ne1 Qc3 13. Nd3 Ne4 14. Bg4 Nxg3 15. hxg3 Bg6 16. Bh5 Be4 17. Rb1 Rab8 18. Be2 Rfd8 19. a3 Bg6 20. Qc1 Bf6 21. Qd2 Qxd2 22. Nxd2 Na5 23. Rfc1 h6 24. Rb6 Rdc8 25. Rcb1 Rc6 26. Rxc6 Nxc6 27. Nb4 Nxb4 28. Rxb4 Rc8 29. Rxb7 Rxc5 30. Bxa6 Ra5 31. Be2 Bxc2 32. Rb5 Rxb5 33. Bxb5 Be7 34. a4 Bb4 35. Nf3 f6 36. Kf1 Kf8 37. Ke2 Ke7 38. Ne1 Bf5 39. Nd3 Ba5 40. Nc5 Bb6 41. Nb3 Bc2 42. Nc1 Kd6 43. Kd2 Bf5 44. Nb3 d4 45. exd4 exd4 46. Kd1 g5 47. f3 g4 48. Kd2 Kd5 49. a5 Ba7 50. Ba6 Bb8 51. f4 h5 52. Ke2 Bc7 53. Bb7+ Kc4 54. Nd2+ Kb5 55. a6 Kb6 56. Nb3 d3+ 57. Kd2 Bd6 58. Kc3 Bh7 59. Nc1 h4 60. gxh4 Bxf4 61. Nxd3 Be3 62. Nb4 Bh6 63. Nd5+ Ka7 64. Nb4 Kb6 65. Kd4 Bg7 66. Ke3 Bh6+ 67. Kf2 f5 68. Nd5+ Ka7 69. Nf6 Bg6 70. h5 Bf7 71. Ke1 Bg5 72. Nh7 Bh4+ 73. Ke2 Bxh5 74. Ke3 Bg6 75. Nf8 Bg5+ 76. Kd4 Bf6+ 77. Kd5 Bf7+ 78. Kd6 f4 79. Nd7 Bd4 80. Ne5 Bxe5+ 81. Kxe5 f3 82. gxf3 gxf3 83. Bxf3 Kxa6 1/2-1/2

[Event "ROM-ch U14 Girls"]
[Site "Calimanesti Caciulata"]
[Date "2019.04.21"]
[Round "8"]
[White "Hejja, Irisz Hanna"]
[Black "Bira, Andrada Paraschiva"]
[Result "1-0"]
[WhiteElo "1523"]
[BlackElo "1487"]
[PlyCount "49"]
[EventDate "2019.04.15"]
[EventType "swiss"]
[EventRounds "9"]
[EventCountry "ROU"]
[SourceTitle "CBM 190 Extra"]
[Source "ChessBase"]
[SourceDate "2019.07.15"]
[SourceVersion "1"]
[SourceVersionDate "2019.07.15"]
[SourceQuality "1"]

1. e4 c5 2. Nc3 e6 3. g3 Nc6 4. Bg2 Nf6 5. d3 a6 6. Nh3 h6 7. f4 d6 8. 0-0 Be7 9. Nf2 Qc7 10. a3 Bd7 11. Bd2 0-0-0 12. Ne2 Qb6 13. Rb1 e5 14. c4 Qc7 15. b4 Nd4 16. Nxd4 cxd4 17. Qb3 Qb6 18. Rfc1 Kb8 19. c5 dxc5 20. Qxf7 Qe6 21. Qxe6 Bxe6 22. f5 Bc8 23. bxc5 Rd7 24. c6 Rd6 25. Bb4 1-0

[Event "ROM-ch U14 Girls"]
[Site "Calimanesti Caciulata"]
[Date "2019.04.17"]
[Round "3"]
[White "Matasaru, Stephanie"]
[Black "Bira, Andrada Paraschiva"]
[Result "1/2-1/2"]
[WhiteElo "1783"]
[BlackElo "1487"]
[PlyCount "103"]
[EventDate "2019.04.15"]
[EventType "swiss"]
[EventRounds "9"]
[EventCountry "ROU"]
[SourceTitle "CBM 190 Extra"]
[Source "ChessBase"]
[SourceDate "2019.07.15"]
[SourceVersion "1"]
[SourceVersionDate "2019.07.15"]
[SourceQuality "1"]

1. e4 c5 2. Nf3 a6 3. d4 cxd4 4. Nxd4 Nf6 5. Bd3 e5 6. Nf5 d5 7. Ng3 Be7 8. 0-0 d4 9. h3 Nc6 10. f4 Be6 11. f5 Bd7 12. Nd2 Qc7 13. a3 Rc8 14. Nh5 0-0 15. Nxf6+ Bxf6 16. Nf3 h6 17. Nh2 Qd8 18. Qh5 Bg5 19. h4 Bxc1 20. Raxc1 f6 21. Bc4+ Kh8 22. Bf7 Be8 23. Bg6 Ne7 24. Nf3 Bxg6 25. fxg6 Qe8 26. g4 Qxg6 27. Qxg6 Nxg6 28. Rfd1 Nf4 29. Kf2 Rc7 30. Rd2 Rfc8 31. Kg3 d3 32. Nd4 dxc2 33. Rdxc2 Rxc2 34. Rxc2 Rxc2 35. Nxc2 Kg8 36. Ne3 Kf7 37. Nf5 b5 38. Ne3 Kf8 39. b4 Ne6 40. Nf5 Nd4 41. Ne3 Kf7 42. Nd5 Nc2 43. Nc7 Nxa3 44. Nxa6 Nc2 45. Nc7 Nxb4 46. Nxb5 Nd3 47. Nd6+ Kf8 48. Nf5 Nc5 49. Kf3 Kf7 50. Nd6+ Ke7 51. Nf5+ Kf7 52. Nd6+ 1/2-1/2

[Event "ROM-ch U12 Girls"]
[Site "Baile Felix"]
[Date "2017.02.06"]
[Round "6"]
[White "Bira, Andrada Paraschiva"]
[Black "Hejja, Irisz Hanna"]
[Result "0-1"]
[WhiteElo "1058"]
[BlackElo "1393"]
[PlyCount "100"]
[EventDate "2017.02.02"]
[EventType "swiss"]
[EventRounds "9"]
[EventCountry "ROU"]
[SourceTitle "CBM 176 Extra"]
[Source "ChessBase"]
[SourceDate "2017.03.02"]
[SourceVersion "1"]
[SourceVersionDate "2017.03.02"]
[SourceQuality "1"]

1. e4 d5 2. exd5 Qxd5 3. Nc3 Qd6 4. d4 c6 5. Nf3 Bg4 6. h3 Bxf3 7. gxf3 Nf6 8. Be3 Nbd7 9. Qd2 e6 10. 0-0-0 Qc7 11. Be2 0-0-0 12. Bc4 Nd5 13. a3 Qa5 14. Nxd5 Qxd2+ 15. Rxd2 exd5 16. Bb3 Bd6 17. Rdd1 Rde8 18. Kb1 Nb6 19. Rhe1 Re6 20. Bg5 Rhe8 21. Rxe6 Rxe6 22. Ka2 h6 23. Be3 Rf6 24. Rg1 g5 25. Rh1 Rxf3 26. c3 Rf6 27. Bd1 Bf4 28. Re1 Bxe3 29. Rxe3 Re6 30. Rxe6 fxe6 31. Kb1 Nc4 32. Be2 Kc7 33. Kc2 Kd6 34. Bd3 Ke7 35. Be2 Kf6 36. Bxc4 dxc4 37. Kd2 Kf5 38. Ke3 e5 39. a4 a5 40. dxe5 Kxe5 41. f3 b6 42. Kf2 Kf4 43. Kg2 h5 44. Kf2 h4 45. Ke2 Kg3 46. Ke3 Kxh3 47. Kd4 Kg3 48. Kxc4 h3 49. b4 h2 50. Kd4 h1Q 0-1

[Event "ROM-ch U10 Girls"]
[Site "Calimanesti Caciulata"]
[Date "2016.04.18"]
[Round "1"]
[White "Spiridon, Anisia"]
[Black "Bira, Andrada Paraschiva"]
[Result "1-0"]
[WhiteElo "1477"]
[BlackElo "1088"]
[PlyCount "111"]
[EventDate "2016.04.18"]
[EventType "swiss"]
[EventRounds "9"]
[EventCountry "ROU"]
[SourceTitle "CBM 172 Extra"]
[Source "ChessBase"]
[SourceDate "2016.06.21"]
[SourceVersion "1"]
[SourceVersionDate "2016.06.21"]
[SourceQuality "1"]

1. d4 d5 2. c4 e6 3. Nc3 Bb4 4. cxd5 exd5 5. Qc2 Nc6 6. Nf3 Nf6 7. Bg5 0-0 8. e3 h6 9. Bh4 Qd6 10. Bd3 Ne4 11. Bxe4 dxe4 12. Qxe4 Re8 13. Qxe8+ Kh7 14. Qe4+ Kg8 15. Bg3 Qf6 16. Qf4 Qe6 17. d5 Qxd5 18. 0-0 Bxc3 19. bxc3 Qa5 20. c4 Be6 21. Rac1 Qa3 22. Ra1 Nb4 23. Qe4 Qa6 24. Rfc1 Rc8 25. a3 Nc6 26. c5 Na5 27. Nd4 Bc4 28. Rc3 c6 29. Nf5 Kh8 30. Nd6 Rd8 31. Rxc4 Nxc4 32. Nxf7+ Kg8 33. Nxd8 Qb5 34. Qe6+ Kh7 35. Qf5+ Kg8 36. Rb1 Qa4 37. Qd3 b6 38. cxb6 Nxb6 39. Qb3+ Qc4 40. Qxc4+ Nxc4 41. Nxc6 Nxa3 42. Ra1 Nb5 43. Nd4 Nxd4 44. Rxa7 Ne2+ 45. Kf1 Nxg3+ 46. fxg3 Kf8 47. e4 Ke8 48. e5 Kd8 49. e6 Ke8 50. e7 g5 51. Kf2 h5 52. Kf3 h4 53. Ke4 hxg3 54. Ke5 gxh2 55. Ke6 h1Q 56. Ra8# 1-0